000 00751nam a2200205 i 4500
999 _c49017
_d49017
001 BINCO
003 CO-MdBIC
005 20200320123928.0
008 170615t2008 xxua||a| |||| 00| j spa d
020 _a978-958-30-2358-3
040 _cCO-MdBIC
_aCO-MdBIC
_bspa.
_dCO-MdBIC
041 _aspa
082 0 4 _a863C
_222
_bJ681p
100 1 _aJolibois, Christian
245 1 0 _aLos pollitos, la bestia y el caballero
_c / Christian Jolibois ; traductor Sandra Oliveira ; ilustraciones Christian Heinrich
264 _aBogotá :
_bPanamericana Editorial ;
_c©2008
300 _a[56 páginas] :
_bilustraciones a color ,
_c15 cm.
650 1 4 _aCuentos Infantiles Franceses \ Animales - Cuentos infantiles \ Pollitos - Cuentos infantiles
942 _cLGB